Nové normy času pre niektoré vinohradnícke práce

Podrobná bibliografia
Hlavní autori: Zálešáková, Aurélia (Autor), Pichňová, Alžbeta (Autor)
Médium: Článok
Jazyk:slovenčina
Fyzický popis:Tb. 3.
Predmet:

MARC

LEADER 00000nab a2200000 a 4500
001 vtls000280620
003 SK-MaSNL
005 20260302220740.0
008 111130c1987 xo 0 slo
015 |a SNBRB19rr/mm-uuuuu 
035 |a CL0290738 
040 |a SNKBUCL  |b slo  |c SNKBUCL  |e AACR2 
041 0 |a slo 
044 |a xo  |c SK 
080 |a 634.8.042:006  |2 1981 
080 |a 006  |2 1981 
080 |a 631.158  |2 1981 
100 1 |a Zálešáková, Aurélia  |4 aut  |9 946892 
245 1 0 |a Nové normy času pre niektoré vinohradnícke práce  |c Aurélia Zálešáková, Alžbeta Pichňová 
300 |b Tb. 3. 
650 0 7 |a vinič hroznorodý  |2 snkbucl  |9 15944 
650 0 7 |a normy času  |2 snkbucl  |9 946893 
655 7 |a články z novín a časopisov  |2 snkbucl  |9 267496 
700 1 |a Pichňová, Alžbeta  |4 aut  |9 946894 
773 0 |t Vinohrad  |g Roč. 25, č. 6 (1987), s. 126-127 
850 |a Slovenská národná knižnica v Martine  |a MTA001 
852 |a SNK  |b KIS3GCP 
958 |a RK 
992 |a RBX 
999 |c 1508413  |d 1510343